[Event "Vrnjacka Banja"]
[Site "Vrnjacka Banja SRB"]
[Date "1981.??.??"]
[Round "4"]
[White "Cabrilo, Goran"]
[Black "Haik, Aldo"]
[Result "1-0"]
[WhiteElo "2425"]
[BlackElo "2405"]
[EventDate "1981.04.??"]

{
http://ctart.chessok.com/course/chess-opening-semi-open-games-1-e4/alekhine-defence/modern-variation?page=2
} 
1. e4 Nf6 2. e5 Nd5 3. d4 d6 4. Nf3 Bg4 5. Be2 e6 6. O-O Be7 7. h3 Bh5 8. 
c4 Nb6 9. Nc3 O-O 10. Be3 d5 11. c5 Bxf3 12. gxf3!? {An interesting idea. 
At the cost of doubling his pawns White retains control of the c4-square 
thus forcing the b6-knight to retreat, after which Black will be cramped. 
} 12. ... Nc8 {Intending to bring the knight into play via Nc8-e7-f5} 13. 
f4! {With the idea of f4-f5. } 13. ... f5 {This move nips the f4-f5 
breakthrough in the bud, but leaves Black without any counterplay and 
condemns him to defend passively. } ( 13. ... g6?! {does not prevent 
f4-f5:} 14. Kh2 Kh8 15. f5 gxf5 16. Rg1 Rg8 17. Rxg8+ Qxg8 18. Qd2 Nd7 19.
 Rg1 Qe8 20. Bh6 Bf8 21. Nb5 Ne7 22. Nxc7 Bxh6 23. Qxh6 Qf8 24. Qg5 Rb8 
25. Nb5 b6 {1-0(37) Levitina, Irina S (2330) - Alexandria, Nana (2335) / 
Moscow (1), Moscow RUS 1975} ) 14. b4 Rf7 15. Kh2 Bf8 16. Bd3 {White's 
long-term plan involves a queenside offensive. } 16. ... a6 17. Ne2 Nc6 
18. a3 N8a7 19. Ng1 g6 20. Nf3 Rg7 21. Rg1 Be7 22. Qd2 h6 23. a4 b5 24. 
axb5 axb5 25. Ra6 Rb8 26. Ne1 Qc8 27. Ra3 Kh7 28. Nc2 Qb7 29. Ne1 Rbg8 30.
 Nf3 Rh8 31. Rga1 Kg8 32. Qa2 Nc8 33. Bd2 Nb8 34. Ra8 +/- c6 35. Kg2 g5 
36. Kf1 Bd8 37. Ke2 Rhh7 38. Qb1! g4 39. hxg4 Rxg4 40. Bxf5! {he bishop 
sacrifice is breaking the black king's pawn shelter. } 40. ... exf5 41. 
Qxf5 Rgg7 42. Qe6+ Kh8 43. f5 Nd7 44. Bxh6 Rg8 45. Be3 Be7 46. f6 1-0

[Event "Bundesliga 9798"]
[Site "GER"]
[Date "1998.02.28"]
[Round "10.2"]
[White "Kindermann, Stefan"]
[Black "Baburin, Alexander"]
[Result "1/2-1/2"]
[WhiteElo "2570"]
[BlackElo "2570"]
[EventDate "1997.10.18"]

1. e4 Nf6 2. e5 Nd5 3. d4 d6 4. Nf3 Bg4 5. Be2 e6 6. h3 Bh5 7. O-O Be7 8. 
c4 Nb6 9. Nc3 O-O 10. Be3 d5 11. c5 Bxf3 12. gxf3 Nc8 13. f4 ( 13. b4 a6 
14. f4 Nc6 15. Kh2 Bh4 16. Bd3 g6 17. a3 N8e7 18. Rg1 Kh8 19. Bc2 Nf5 20. 
Rg2 Nce7 21. Ne2 f6 {1/2-1/2 Spassky, Boris V (2640) - Bagirov, Vladimir 
(2545) / URS Spartakiad (?), Moscow RUS 1979} ) 13. ... Nc6 {Under some 
favorable circumstances Black threatens with the ¥xc5 blow.} 14. b4 Bh4! 
{Vacating the e7-square for the Nc8-e7-f5 maneuver.} ( 14. ... a6 15. f5!?
( 15. Kh2 Bh4 {1/2:1/2 Spassky - Bagirov, Moscow (tt) 1979} ) 15. ... exf5
16. f4 Nb8 ) 15. Rb1 N8e7 16. Bd3 g6 17. Qf3 ( 17. Qg4 Nf5 18. Bxf5 exf5 
19. Qf3 Ne7 20. b5 Qd7 21. Rfc1 Qe6 22. Bd2 Rfd8 23. a4 a6 24. Ra1 Kg7 25.
 Nd1 c6 {1/2-1/2(44) Schandorff, Lars (2420) - Bagirov, Vladimir (2530) / 
Copenhagen (?), Copenhagen DEN 1993} ) 17. ... Nf5 18. Bxf5 gxf5 19. Qh5 
Kh8 20. Kh2 Rg8! 21. Qxf7 Qe8 22. Qxe8 Raxe8 23. Rg1 Rxg1 24. Kxg1 Kg8 {
White's extra pawn is of no importance due to a closed character of the 
position.} 1/2-1/2

[Event "URS Ch sf+"]
[Site "Minsk BLR"]
[Date "1983.??.??"]
[Round "?"]
[White "Chiburdanidze, Maia"]
[Black "Bagirov, Vladimir"]
[Result "0-1"]
[WhiteElo "2355"]
[BlackElo "2500"]
[EventDate "1983.09.??"]

1. e4 Nf6 2. e5 Nd5 3. d4 d6 4. Nf3 Bg4 5. Be2 e6 6. O-O Be7 7. h3 Bh5 8. 
c4 Nb6 9. Nc3 O-O 10. Be3 d5 11. c5 Bxf3 12. gxf3 Nc8 13. f4 Nc6 14. Bd3 
g6 ( 14. ... Bxc5? 15. dxc5 d4 16. Bxh7+ Kxh7 17. Qh5+ Kg8 18. Ne4! +- ) 
15. f5! {With this standard pawn sacrifice White opens up his bishops and 
weakens the black pawn on d5. } 15. ... exf5 ( 15. ... gxf5? 16. Kh2 Kh8 
17. Rg1 Rg8 18. Rxg8+ Qxg8 19. Qf3 +/- ) 16. Qf3 Bxc5! 17. dxc5 d4 ( 
17. ... Nxe5 18. Qxd5 Nxd3 19. Rfd1 Qxd5 20. Nxd5 Nxb2 21. Rd4! +/- ) 18. 
Bh6 dxc3 19. Bxf8 ( 19. e6 cxb2 ( 19. ... Ne5 20. Qxb7 Qxd3 21. exf7+ Nxf7
22. Bxf8 Qe4 23. Qxc7 Kxf8 24. Rfe1 cxb2 25. Rab1 Qb4 ( 25. ... Qd3? 26. 
Qb7 Qxh3 27. Qxa8 ) 26. Re2 Qb8 ( 26. ... Kg7 27. Rbxb2 ) 27. Qd7 Qf4 28. 
Rbxb2 Qg5+ 29. Kh1 Qc1+ 30. Kg2 Qg5+ 31. Kf1 Qc1+ 32. Kg2 = ) 20. Rae1 ) (
19. e6 fxe6 20. Bxf8 Kxf8 21. bxc3 Qg5+ 22. Kh1 N8e7 23. Rab1 Rd8 24. Rfe1
e5 25. Bb5 Rd5 {0-1(52) Markovic, Ivan2 (2115) - Velicka, Petr (2405) / 
Moravia Ch (?), Moravia 1997} ) 19. ... Qxf8 20. e6 Qxc5 21. exf7+ Kxf7 
22. Rac1 Nd6 23. Rxc3 Qe5 24. Bc4+ Kf6 25. Re3 Nd4 26. Qg2 Qf4 27. Bd5 c6 
28. Rd1 Re8 29. Rxe8 Nxe8 30. Kf1 cxd5 31. Qxd5 Ne6 32. Re1 N8c7 33. Qxb7 
Qc4+ 34. Kg1 Qxa2 35. Qc8 Qd5 36. Re3 f4 37. Qh8+ Kf5 38. Rc3 Qe5 39. Qxh7
Qe1+ 40. Kg2 Qe4+ 41. Kg1 Nd5 42. Qf7+ 0-1

[Event "Moravia Ch"]
[Site "Moravia"]
[Date "1997.??.??"]
[Round "?"]
[White "Markovic, Ivan2"]
[Black "Velicka, Petr"]
[Result "0-1"]
[WhiteElo "2115"]
[BlackElo "2405"]
[EventDate "1997.??.??"]
[EventType "swiss"]
[EventRounds "9"]
[EventCountry "CZE"]
[Source "ChessBase"]
[SourceDate "1998.11.10"]
[WhiteTeamCountry "PHI"]
[BlackTeamCountry "KAZ"]

1. e4 Nf6 2. e5 Nd5 3. d4 d6 4. Nf3 Bg4 5. Be2 e6 6. O-O Be7 7. c4 Nb6 8. 
h3 Bh5 9. Nc3 O-O 10. Be3 d5 11. c5 Bxf3 12. gxf3 Nc8 13. f4 Nc6 14. Bd3 
g6 15. f5 exf5 16. Qf3 Bxc5 17. dxc5 d4 18. Bh6 dxc3 19. e6 fxe6 20. Bxf8 
Kxf8 21. bxc3 Qg5+ 22. Kh1 N8e7 23. Rab1 Rd8 24. Rfe1 e5 25. Bb5 Rd5 26. 
Bxc6 bxc6 27. Rbd1 e4 28. Qg2 Qxg2+ 29. Kxg2 Rxc5 30. Rd7 Rxc3 31. Rxc7 
Kf7 32. Rxa7 Ke6 33. a4 Nd5 34. Rxh7 Ra3 35. Rc1 Nf4+ 36. Kh2 Ra2 37. a5 
e3 38. Re1 e2 39. Rh8 Rxa5 40. Kg3 Ra4 41. f3 c5 42. Rd8 Ke7 43. Rd2 g5 
44. h4 gxh4+ 45. Kxh4 Ne6+ 46. Kg3 Nd4 47. Rexe2+ Nxe2+ 48. Rxe2+ Kd6 49. 
Re8 Rd4 50. Rf8 Rd5 51. Kf4 c4 52. Rd8+ Kc5 0-1

[Event "Budapest FS11 GM"]
[Site "Budapest HUN"]
[Date "1993.??.??"]
[Round "13"]
[White "Sutovsky, Emil"]
[Black "Wells, Peter K"]
[Result "1/2-1/2"]
[WhiteElo "2410"]
[BlackElo "2455"]
[EventDate "1993.11.??"]

1. e4 Nf6 2. e5 Nd5 3. d4 d6 4. Nf3 Bg4 5. Be2 e6 6. O-O Be7 7. h3 Bh5 8. 
c4 Nb6 9. Nc3 O-O 10. Be3 d5 11. c5 Bxf3 12. gxf3 Nc8 13. f4 Nc6 14. Bd3 
b6! {As a rule, Black is unable to prevent the f4-f5 breakthrough by means
of g7-g6, therefore the best way to oppose the white kingside attack is 
active counterplay. } ( 14. ... Bh4!? 15. f5 exf5 16. Bxf5 g6 17. Bc2 Kh8 
18. f4 f5! 19. a3 N8e7 20. Qf3 Qd7 21. b4 Nd8 22. Bb3 c6 23. Ne2 Ne6 24. 
Kh1 Ng8 25. Bc2 Nh6 {1/2-1/2(32) Nijboer, Friso (2510) - Bosch, Jeroen 
(2425) / NED Team Ch 9596 (?), NED 1995} ) 15. Qa4 Nxd4! 16. Bxd4 bxc5 17.
 Bxc5 ( 17. Be3 d4 ) 17. ... Bxc5 18. Qc6 Bb6 19. Qxa8 Qh4 20. Kg2 Ne7 21.
 Qb7 g5! 22. Ne2 gxf4 23. Ng1 Qg5+ 24. Kh1 Kh8 25. Be2 Rg8 26. Bf3 Ng6 27.
 Qa6 Nxe5 28. Qe2 h5 29. b4 f6 30. a4 Qh4 31. Bg2 1/2-1/2

[Event "Berliner Sommer 08th"]
[Site "Berlin GER"]
[Date "1990.??.??"]
[Round "9"]
[White "Aseev, Konstantin N"]
[Black "Bagirov, Vladimir"]
[Result "0-1"]
[WhiteElo "2545"]
[BlackElo "2470"]
[EventDate "1990.08.11"]
[PlyCount "91"]
[EventType "swiss"]
[EventRounds "9"]
[EventCountry "GER"]
[Source "ChessBase"]
[SourceDate "1996.11.15"]
[WhiteTeamCountry "GER"]
[BlackTeamCountry "GER"]

1. e4 Nf6 2. e5 Nd5 3. d4 d6 4. Nf3 Bg4 5. Be2 e6 6. O-O Be7 7. c4 Nb6 8. 
h3 Bh5 9. Nc3 O-O 10. Be3 d5 11. c5 Bxf3 12. gxf3 Nc8 13. f4 Nc6 14. f5!? 
{As we have already seen, the f4-f5 breakthrough in different situations 
is a leitmotif of White's strategy. Here Black has not yet vacated the 
e7-square for his knight. } 14. ... exf5 15. Bf3 Bg5! ( 15. ... Bh4 16. 
Bxd5 N8e7 17. Bxc6 bxc6 18. Qh5 f4 19. Qxh4 fxe3 20. fxe3 Rb8 21. b3 Nd5 
22. Qxd8 Rfxd8 23. Nxd5 Rxd5 24. Rac1 Rdd8 25. Rc4 a5 {1-0(46) Lukin, 
Andrei M (2445) - Yuneev, Alexey (2345) / URS-sf (?), Daugavpils LAT 1989}
) ( 15. ... f4 16. Bxf4 Bg5 17. Bg3 N8e7 18. Bg4 f5 19. exf6 Rxf6 20. f4 
Bh6 21. Qd3 Kh8 22. f5 Bg5 23. h4 Bh6 24. Nb5 Rc8 25. Be5 Ng8 {1-0(43) 
Sax, Gyula (2580) - Ivanchuk, Vassily (2660) / Tilburg (8), Tilburg NED 
1989} ) 16. Nxd5 f4 ( 16. ... Bxe3 17. fxe3 N8e7 18. Nxe7+ Nxe7 19. Bxb7 
Rb8 20. Bg2 Rxb2 21. Qc1 Rb8 22. Rb1 c6 23. Rxb8 Qxb8 24. Qc4 g6 25. Qb3 
Qd8 26. Rf2 Kg7 27. Rb2 f4 28. d5 f3 29. Bxf3 cxd5 30. Qc3 Nc6 31. Bg2 Kg8
32. Rd2 Qg5 33. Rxd5 Qg3 34. Rd1 Nxe5 35. Kf1 Re8 {1/2-1/2(36) Cimicki, 
Dariusz (2358) - Vlasveld, W Martin (2439) / WCCC30SF07(WS) (?), ICCF 2007
} ) 17. Bxf4 Bxf4 18. Nxf4 N8e7 19. b3 ( 19. d5 {1/2-1/2 Gallagher, Joseph
G (2500) - Bagirov, Vladimir (2530) / Eupen Open (7), Eupen BEL 1993} ) 
19. ... Rb8! 20. Be4?! ( 20. d5 Nxe5 21. Bg2 = ) 20. ... Qxd4 21. Qxd4 
Nxd4 22. Rfd1 Rfd8 =+ {xe5} 23. Rd3 Ndc6 24. e6 f5! 25. Bg2 Rxd3 26. Nxd3 
Rd8 27. Nf4 g6 28. Re1 Kg7 29. Bxc6 bxc6 30. Kg2 g5 31. Ne2 Kf6 -/+ 32. h4
gxh4 33. Nf4 Rd4 34. Kf3 Re4 35. Rxe4 fxe4+ 36. Kxe4 Nd5 37. Ne2 Ne7 38. 
Nd4 h3 39. Nf3 Nd5 40. e7 Kxe7 41. Kf5 Nf6 42. Kf4 Ke6 43. Kg3 Ne4+ 44. 
Kxh3 Nxf2+ 45. Kh4 Kd5 46. Kg5 0-1

[Event "RUS-Cup03 (Geller mem)"]
[Site "Moscow RUS"]
[Date "1999.02.13"]
[Round "4"]
[White "Kobalia, Mikhail"]
[Black "Nalbandian, Tigran"]
[Result "1-0"]
[WhiteElo "2537"]
[BlackElo "2439"]
[EventDate "1999.02.10"]
[Annotator "Finkel,A"]

1. e4 Nf6 2. e5 Nd5 3. d4 d6 4. Nf3 Bg4 5. Be2 e6 6. O-O Be7 7. c4 Nb6 8. 
Nc3 O-O 9. Be3 d5?! ( 9. ... Nc6!? ) 10. c5 Bxf3 11. gxf3 Nc8 {It is 
interesting to note that similar positions with the white pawn standing on
h2 (i.e. without an inclusion of h2-h3 and Bg4-h5) are dangerous for Black
due to the fact that the white queen gets the h3-square, which 
substantially increases White's attacking potential on the kingside.} 12. 
f4 Bh4?! ( 12. ... f5 =+ ) 13. Bd3 g6 ( 13. ... f5!? 14. exf6 ( 14. b4 Ne7
15. Kh1 Ng6 16. Qf3 Nd7 17. Ne2 c6 18. a4 a6 19. b5 axb5 20. axb5 Be7 21. 
Rfc1 += {Doring,R-Hasek,V/Klatovy op-A 1997 (42)} ) 14. ... g6 15. f7+ Kh8
?! 16. Qg4 Qf6? 17. Kg2 Qe7 18. Rae1 Bf6 19. Bd2 +/- {Van der 
Wiel,J-Bohm,H/NLD-ch 1979 (38)} ) 14. f5!? ( 14. Qg4 f5 15. Qh3 Be7 16. b4
b6 17. a3 ( 17. Ne2 Qe8 18. a4 Nc6 19. Bd2 a5 20. b5 Nb4 21. Rfc1 Nxd3 22.
 Qxd3 Bd8 ~ {Geisler,F-Maus,S/BL9495 1995 (28)} ) 17. ... a5 18. Kh1 axb4 
19. axb4 Rxa1 20. Rxa1 Nc6 21. Ra4 +/- {Gentes,K-Huda,R/CAN-chJ 1987 (34)}
) ( 14. Kh1 Ne7 15. Rg1 Kh8 16. Qf3 Nbc6 17. a3 Nf5 18. Ne2 b6 19. Rac1 +=
{Kruszynski,W-Gruen,P/Hamburg op 1984 (42)} ) 14. ... exf5 15. Qf3 c6 ( 
15. ... Nc6?! 16. Kh1 Kh8 17. Qf4 Be7 18. Rg1 Rg8 19. Bxf5! +/- {
Oral,T-Kantorik,M/SVK-ch 1997 (60)} ) ( 15. ... Ne7 16. Qh3! ) 16. Kh1 Kh8
? {This variation is very dangerous for black and that's the reason why 
the value of each move is extremly high.The last move of black is 
inaccuracy after which nothing can save black from the defeat.It was 
nssasary to play 16...f6 with complicated struggle:} ( 16. ... f6!? 17. e6
Bg5 □ 18. Rae1 Re8 ( 18. ... Ne7 19. Bxg5 fxg5 20. Qg3 ) 19. Bxf5! gxf5 
20. Bxg5!? ( 20. Qxf5! Ne7 ( 20. ... Bxe3 21. Rxe3 Qe7 22. Rg1+ Kh8 23. 
Rh3 Rg8 ( 23. ... Na6 24. Rxh7+ Qxh7 25. Qxf6+ ) ( 23. ... Rf8 24. Ne2 +- 
) 24. Rxg8+ Kxg8 25. Ne2 Na6 26. Nf4 Nc7 27. Rg3+ Kf8 ( 27. ... Kh8 28. 
Ng6+! hxg6 29. Qxg6 +- ) 28. Qh3! +- ) 21. Qg4 Kh8!? ( 21. ... Ng6 22. f4 
Bh4 23. Re2! ( 23. f5 Bxe1 24. fxg6 Qe7 □ ( 24. ... Bxc3? 25. gxh7+ Kh8 
26. Rg1 Qe7 27. Qg8+! +- ) 25. gxh7+ Kh8 26. Bh6!? Bxc3 ( 26. ... Qxh7 27.
 Bg7+! Qxg7 28. Qh5+ Qh7 29. Qxe8+ Qg8 30. Qh5+ Qh7 31. Qe2! +- ) 27. Rg1 
Qxh7 28. Bg7+ Kg8 =, quiet ) 23. ... f5 24. Qxf5 Bf6 25. Qg4 Kh8 26. f5 
↑ ) 22. f4! ( 22. Bxg5 fxg5 23. Qxg5 Ng8! =+ ) 22. ... Bh6 23. Qh3 Ng8 (
23. ... Bg7!? ) 24. Rg1 Bg7 25. f5 → ) 20. ... fxg5 21. Qxf5 Rf8 22. Qg4
Qf6 23. f4 Qxd4 24. Qxg5+ Kh8 25. f5 =/& ) 17. Rg1 Na6?! ( 17. ... f6!? ) 
18. Bxf5! +/- Ne7 ( {Immideatly loses} 18. ... gxf5 19. Bh6 Rg8 20. Rxg8+ 
Qxg8 21. Rg1 +- ) 19. Bc2 Ng8 ( 19. ... f5 20. Qh3 Ng8 21. Ne2 Nc7 22. Nf4
+/- ) 20. Qh3 Nc7 21. Rg4 Be7 22. Rag1 Qd7 ( 22. ... Ne6 23. f4 Ng7 24. f5
+- ) 23. f4! {White's play is very simple,logical and efficient. Black is 
helpless againgt the advance of the f-pawn.} 23. ... Rae8 24. f5 +- Bd8 
25. Ne2 b6 26. Nf4 g5!? {Permitting white to finish the game in "old" 
style.} 27. Qxh7+!! Kxh7 28. f6+ Kh6 ( 28. ... Kh8 29. Rxg5 Nh6 30. Rh5 +-
) 29. Rh4+! gxh4 30. Ne6+ Kh5 31. Bd1# 1-0

[Event "Leipzig"]
[Site "Leipzig GER"]
[Date "1976.??.??"]
[Round "1"]
[White "Vogt, Lothar"]
[Black "Neckar, Lubomir"]
[Result "1/2-1/2"]
[WhiteElo "2480"]
[BlackElo "2330"]
[EventDate "1976.??.??"]
[PlyCount "97"]

1. e4 Nf6 2. e5 Nd5 3. d4 d6 4. Nf3 Bg4 5. Be2 e6 6. O-O Be7 7. h3 Bh5 8. 
c4 Nb6 9. Nc3 O-O 10. Be3 d5 11. b3!? {Now the black knight at b6 is 
deprived of jumping to c4, but Black gets a tempo to prepare for White's 
queenside offensive. } 11. ... Nc6 12. c5 Nd7 13. b4 a6 14. Qb3 f6! 15. 
Nxd5! {The standard knight sacrifice. } 15. ... exd5 ( 15. ... fxe5!? 16. 
Nxe7+ Qxe7 17. dxe5 Bxf3 18. Bxf3 Rxf3! 19. gxf3 Ndxe5 20. f4 Nf3+ {
1-0(52) Ljubojevic, Ljubomir (2615) - Kovacevic, Vlatko (2465) / 
Rovinj/Zagreb (5), Zagreb CRO 1975} ) 16. Qxd5+ Kh8 17. e6 Bg6 18. Nh4! ( 
18. exd7 Bf7 19. Qe4 Qxd7 ) 18. ... Nxc5! ( 18. ... Ndb8 19. Nxg6+ hxg6 
20. Qc4 +/- ) 19. Nxg6+ hxg6 20. Qxd8 Rfxd8 21. dxc5 Nxb4 22. Rab1 a5 23. 
a3 Nd5 24. Rxb7 Nxe3 25. fxe3 Bxc5 26. Rxc7 Rac8 27. Rxc8 Rxc8 28. Bb5 Kg8
29. Rd1 Bxa3 30. Rd7 Kf8 31. Rf7+ Kg8 32. Kf2 Bc5 33. Kf3 Bb4 34. g4 g5 
35. Ba4 Ba3 36. Ra7 Kf8 37. Rxa5 Be7 38. Ra7 Rb8 39. Bc2 Rc8 40. Ba4 Rd8 
41. Bd7 Rb8 42. Ke4 g6 43. Bc6 Rd8 44. Rb7 Rc8 45. Bd5 Rd8 46. Kd4 Rc8 47.
 e4 Ra8 48. Rb3 Ra4+ 49. Kd3 1/2-1/2

[Event "Munich"]
[Site "Munich GER"]
[Date "1979.??.??"]
[Round "1"]
[White "Unzicker, Wolfgang"]
[Black "Dankert, Peter"]
[Result "0-1"]
[WhiteElo "2530"]
[BlackElo "2360"]
[EventDate "1979.??.??"]
[PlyCount "61"]

{
http://ctart.chessok.com/course/chess-opening-semi-open-games-1-e4/alekhine-defence/modern-variation?page=4
} 
1. e4 Nf6 2. e5 Nd5 3. d4 d6 4. Nf3 Bg4 5. Be2 e6 6. O-O Be7 7. h3 Bh5 8. 
c4 Nb6 9. Nc3 O-O 10. Be3 d5 11. b3 ( 11. c5 Bxf3 12. gxf3 Nc8 13. f4 Nc6 
14. f5 exf5 15. Bf3 Bg5 16. Nxd5 Bxe3 17. fxe3 N8e7 18. Nxe7+ Nxe7 19. 
Bxb7 Rb8 20. Bg2 Rxb2 21. Qc1 Rb8 22. Rb1 c6 23. Rxb8 Qxb8 24. Qc4 g6 25. 
Qb3 Qd8 26. Rf2 Kg7 27. Rb2 f4 28. d5 f3 29. Bxf3 cxd5 30. Qc3 Nc6 31. Bg2
Kg8 32. Rd2 Qg5 33. Rxd5 Qg3 34. Rd1 Nxe5 35. Kf1 Re8 {1/2-1/2(36) 
Cimicki, Dariusz (2358) - Vlasveld, W Martin (2439) / WCCC30SF07(WS) (?), 
ICCF 2007} ) 11. ... Nc6 12. c5 Nc8 {This standard knight maneuver leads 
to quieter play because it excludes the destroying sacrifice on d5. } ( 
12. ... Bxf3 13. Bxf3 Nc8 14. b4 Bg5 15. b5 Na5 16. Bxg5 Qxg5 17. Be2 Ne7 
18. f4 Qh6 19. Bd3 b6 20. Kh2 Rad8 21. Qe2 f6 22. Rae1 f5 23. Rc1 g5 24. 
fxg5 Qxg5 25. Nb1 Ng6 {1/2-1/2(79) Kovalev, Andrei (2550) - Dankert, Peter
(2230) / Bundesliga 9192 (?.2), GER 1991} ) 13. b4 a6 14. Qb3 Bxf3 15. 
Bxf3 Bg5! {An exchange operation, vacating the e7-square for the knight} 
16. Rad1 Bxe3 17. fxe3 Qg5 18. Ne2 N8e7 19. Nf4 Nf5 20. Bg4 Nce7 21. Kh2 
h5 22. Bxf5 Nxf5 23. Rf3 h4! =+ 24. Qd3 c6 25. Rg1 Rae8 26. a4 a5 27. b5 
cxb5 28. axb5 Ng3 29. Ne2 Ne4 30. Nc3 Qg3+ 31. Kh1 0-1

[Event "Skopje ol (Men) fin-A"]
[Site "Skopje MKD"]
[Date "1972.10.05"]
[Round "9"]
[White "Vogt, Lothar"]
[Black "Uddenfeldt, Dan"]
[Result "1-0"]
[WhiteElo "2390"]
[BlackElo "2270"]
[EventDate "1972.09.27"]

1. e4 Nf6 2. e5 Nd5 3. d4 {This system is considered to be the strongest. 
White does not hurry with the c2-c4 advance but instead completes the 
development of the kingside obtaining a stable initiative.} 3. ... d6 4. 
Nf3 ( 4. Bc4 Nb6 5. Bb3 dxe5 ( 5. ... d5 6. Qf3 {impeding the development 
of the black lightsquared bishop} ) ( 5. ... Nc6 6. e6 fxe6 7. Nf3 g6 8. 
Ng5 Bg7 9. Bxe6 Rf8 10. d5 Nd4 11. O-O Bxe6 12. dxe6 Qc8 13. Re1 h6 14. 
Nh7 Rh8 15. Qg4 Be5 16. Qxg6+ Kd8 17. f4 Qxe6 18. Qxe6 Nxe6 19. fxe5 Nd4 
20. Na3 Rxh7 21. Be3 Nf5 22. Bxb6 axb6 ) 6. Qf3 ) 4. ... Bg4 ( 4. ... Nc6 
5. c4 Nb6 6. Be2 Bg4 7. exd6 exd6 8. d5 Bxf3 9. Bxf3 Ne5 10. Be2 += ) ( 
4. ... g6 5. Bc4 ( 5. c4 Nb6 6. exd6 cxd6 ) 5. ... Nb6 6. Bb3 Bg7 ) ( 
4. ... Bf5 5. Bd3 {exchanging the lightsquared bishops with tempo,} 5. ...
 Bxd3 ( 5. ... Bg6? 6. Bxg6 hxg6 7. e6 Qc8 8. exf7+ Kxf7 9. Qd3 ( 9. c4 
Nf6 10. O-O Nc6 11. Re1 +/- ) 9. ... Qf5 10. Qb3 e6 11. Qxb7 Qxc2 12. O-O 
Qc6 13. Ng5+ Kg8 14. Qb3 Nd7 15. Re1 Rh4 +/- ) 6. Qxd3 ) ( 4. ... dxe5 5. 
Nxe5 Nd7 6. Nxf7 Kxf7 7. Qh5+ Ke6 8. g3 N7f6 9. Bh3+ Kd6 10. Qe5+ Kc6 11. 
Bg2 e6 12. c4 Kb6 13. cxd5 exd5 14. Nc3 a6 15. Nxd5+ Nxd5 16. Qxd5 +/- ) 
5. Be2 ( 5. h3 Bxf3 6. Qxf3 dxe5 7. dxe5 e6 8. Bc4 {This is the best move 
though it is not dangerous for Black. } ( 8. a3 Nd7 9. Qg3 ( 9. c4 Ne7 10.
 Qxb7 c6! ) 9. ... h5 10. h4 Ne7! ) ( 8. Bd2 Nd7 9. Qg3 Nc5 10. Nc3 Nxc3 
11. Bxc3 Ne4 { leads to the exchanges} ) 8. ... Nc6 9. Qe4 Nde7! {
equalizes chances } 10. Be3 Nf5 11. O-O Qh4! ) ( {Alekhin's pawn 
sacrificeAlekhin's pawn sacrifice} 5. c4 { leads to the double-egded 
struggle} 5. ... Nb6 6. Be2 dxe5 7. Nxe5 ( 7. c5 e4! ) 7. ... Bxe2 8. Qxe2
Qxd4 9. O-O ) 5. ... Nc6 ( 5. ... dxe5 6. Nxe5 Bxe2 7. Qxe2 Nb6! ( 7. ... 
c6? 8. Qf3 Nf6 9. Qb3 +/- ) 8. O-O N8d7 9. Rd1 { White obtains advantage} 
) ( 5. ... Nd7 6. h3 Bh5 7. Ng5 Bxe2 8. e6! ) ( {weak is} 5. ... g6 6. Ng5
Bxe2 7. Qxe2 {threatening 8. Qf3 or 8. Nxf7} ) ( 5. ... c6 6. c4 Nb6 7. 
Nbd2! dxe5 8. Nxe5! Bxe2 9. Qxe2 Qxd4 10. Ndf3 Qc5 11. a3 e6 12. Ng5 Be7 
13. Ngxf7 Nxc4 14. Nd3 Qa5+ 15. b4 Qd5 16. Nf4 Qd4 17. Nxh8 Qxa1 18. O-O 
+- Qc3 19. Qxe6 +- Nd6 20. Qg8+ Kd7 21. Rd1 Qc2 22. Qe6+ Ke8 23. Re1 Ne4 
24. Rxe4 Qxc1+ 25. Re1 Qxe1+ 26. Qxe1 +- ) ( 5. ... e6 6. O-O ( 6. c4 Nb6 
7. exd6 cxd6 ) 6. ... Be7 7. c4 Nb6 {This is one of the Alekhine defense's
tabias. Here White usually either exchanges on d6, or drives away the 
black bishop by h2-h3. } 8. exd6 cxd6 9. Nc3 O-O 10. Be3 Nc6 11. d5! Bxf3 
12. Bxf3 Ne5 13. dxe6 fxe6 14. Bg4 Nexc4 15. Bxe6+ Kh8 16. Bxb6 Nxb6 17. 
Qb3 Bf6 {White has obvious advantage (Timman - Bagirov 1971.} ) 6. O-O ( 
6. c4 Nb6 7. exd6 exd6 { see Smyslov - Spassky} ) ( 6. h3 Bxf3 7. Bxf3 
dxe5 8. dxe5 e6 9. O-O Ndb4! +/- 10. Nd2 Nxe5 11. Bxb7 Rb8 12. Be4 f5 13. 
a3 Nbc6 14. Bxc6+ Nxc6 15. Re1 Qd7 16. Qe2 Bd6 17. Nf3 e5 18. Nxe5 Bxe5 
19. Bf4 O-O 20. Bxe5 Rfe8 21. Qc4+ Qe6 22. Qxe6+ Rxe6 23. Bc3 +/- ) 6. ...
 e6 ( 6. ... g6 7. e6! fxe6 8. Ng5! Bxe2 9. Qxe2 Nxd4 10. Qd3! {and White 
develops a dangerous attack} ) ( 6. ... Nb6 7. exd6 ( 7. h3 ) 7. ... exd6 
8. h3 Bf5 9. Bd3 Bxd3 10. Qxd3 += Be7 11. Re1 O-O 12. Nc3 ) 7. c4 Nb6 ( 
7. ... Nde7 8. exd6 Qxd6 9. Nc3! Bxf3 10. Bxf3 Qxd4 11. Nb5 Qxd1 12. Rxd1 
Rc8 13. Bf4 e5 14. Bxe5 Nxe5 15. Bxb7 f6 16. Bxc8 Nxc8 17. Nxc7+ Kf7 18. 
Rac1 +/- Nd6 19. c5 Ne4 20. b4 Be7 +- ) 8. exd6 cxd6 9. d5! ( 9. Be3 d5! 
10. c5 Bxf3 11. Bxf3 Nc4 {with acceptable position for Black} ) 9. ... 
exd5 10. cxd5 Bxf3 11. gxf3 Ne5 12. Bb5+ Ned7 13. Qd4 Qf6 14. Re1+ Be7 15.
 Qxf6 gxf6 16. Nc3 a6 ( 16. ... Kd8 17. f4 { White obtains advantage} ) ( 
16. ... Rg8+ 17. Kf1 a6 18. Be2 ) 17. Be2 Ne5 18. f4 Rg8+ 19. Kf1 Ng4 20. 
Bd3 f5 21. Bxf5 Nxh2+ 22. Ke2 Ng4 23. Bxh7 Rh8 24. Rh1 Nf6 25. Be4 O-O-O 
26. Rxh8 Rxh8 27. Bf3 Rh2 28. b3 Nbd7 29. Be3 Nh5 30. Rg1 f5 31. Kd3 Rh3 
32. Bxh5 Rxh5 33. Ne2 Rh7 34. Rg8+ Nf8 35. Ng3 Rf7 36. Rh8 Kd7 37. Rh5 Nh7
38. Rxf5 Rxf5 39. Nxf5 Nf6 40. Nxe7 Kxe7 41. Kd4 Kf7 42. f5 1-0